Economy of iron and steel in building construction : report (Record no. 498780)

000 -LEADER
fixed length control field 00403cam a22001097a 4500
008 - FIXED-LENGTH DATA ELEMENTS--GENERAL INFORMATION
fixed length control field 180718b1957 xxu||||| |||| 00| 0 eng d
082 ## - DEWEY DECIMAL CLASSIFICATION NUMBER
Classification number X255x54 N213
245 ## - TITLE STATEMENT
Title Economy of iron and steel in building construction : report
Statement of responsibility, etc. by National Building Organisation, India
260 ## - PUBLICATION, DISTRIBUTION, ETC.
Place of publication, distribution, etc. New Delhi
Name of publisher, distributor, etc. The Manager, Government of India Press
Date of publication, distribution, etc. 1957
300 ## - PHYSICAL DESCRIPTION
Extent 46p.
700 ## - ADDED ENTRY--PERSONAL NAME
Personal name India. National Building Organisation
Holdings
Withdrawn status Lost status Damaged status Not for loan Permanent Location Current Location Date acquired Full call number Barcode Date last seen Price effective from Koha item type
        Indian Institute of Public Administration Indian Institute of Public Administration 2018-08-04 X255x54 N213 G3955 2018-08-04 2018-08-04 G

Powered by Koha